01394nam a22003495i 450000100060000000300090000600500170001500700030003200800410003502000180007604000220009408000210011608000250013708000220016208000070018410000230019124501890021425000120040326001030041530000210051849000810053950400280062060000620064860000550071060000520076565000190081770000320083670000200086871000420088883000810093085200330101110803ES-MaACL20250718062530.0t|941021s1994 sp ||||0| spa j a84-7658-432-6 aM-BN bspa cM-BN a1 Kant, Immanuel a1 Habermas, Jürgen a1 Apel, Karl-Otto a171 aWellmer, Albrecht.10aEtica y diálogo b: elementos del juicio moral en Kant y en la ética del discurso / cAlbrecht Wellmer ; prólogo de María Pía Lara ; traducción y glosario de Fabio Morales. a1ª ed. aBarcelona : bAnthropos ; aIztapalapa, México : bUniversidad Autónoma Metropolitana, c1994. a255 p ; c20 cm.1 aPensamiento crítico/pensamiento utópico ; v84. aFilosofía política aBibliografía. Indice.14aKant, Immanuel,d1724-1804-xCrítica e interpretación14aHabermas, Jürgen-xCrítica e interpretación.14aApel, Karl-Otto-xCrítica e interpretación.17aÉtica2embne1 aLara Zavala, María Pía.1 aMorales, Fabio.2 aUniversidad Autónoma Metropolitana.0 aPensamiento crítico/pensamiento utópico ; v84. aFilosofía política aES-MaACLjL-18083 bR.122604